Statistics for Mandarin Place Words

Click here to take the quiz!

General Stats

  • This quiz has been taken 62 times
  • The average score is 10 of 16

Answer Stats

ChinesePinyinEnglish% Correct
咖啡店kāfēi diànCafé
97%
大学dàxuéUniversity
92%
飞机场fēijī chǎngAirport
88%
学校xuéxiàoSchool
86%
电影院diànyǐngyuànCinema
85%
医院yīyuànHospital
84%
图书馆túshū guǎnLibrary
83%
火车站huǒchē zhànTrain station
75%
城市chéngshìCity
74%
公园gōngyuánPark
73%
饭馆fànguǎnRestaurant
72%
花园huāyuánGarden
67%
面包店miànbāo diànBakery
64%
洗手间xǐshǒujiānBathroom
62%
办公室bàngōngshìOffice
60%
市场shìchǎngMarket
54%
银行yínhángBank
50%
药房yàofángPharmacy
47%
广场guǎngchǎngSquare
47%
博物馆bówùguǎnMuseum
45%
警察局jǐngchá júPolice station
45%
邮局yóujúPost office
43%
电器商店diànqì shāngdiànElectronics store
38%
停车场tíngchē chǎngParking lot
36%
池塘chítángPond
36%
宝塔bǎotǎPagoda
30%
喷泉pēnquánFountain
23%

Score Distribution

Percentile by Number Answered

Percent of People with Each Score

Your Score History

You have not taken this quiz